000 00817nam a2200301Ia 4500
001 Z_4737
003 CHAP
008 220113s1996 xx 000 0 und d
010 _a167786
040 _cCHAP
090 _aFolleto 626
100 _aAméndola Massiotti, Ricardo
_9139805
245 _aNotas básicas de los cursos producción de forrajes y manejo de praderas /
_cpor Ricardo Améndola Massiotti
260 _aChapingo, Méx. :
_bUACH. Departamento de Zootecnia,
_c1996
300 _a41 h.
440 _a
500 _amimeografiado
503 _a
650 _aForrajes
_xAnálisis
_942555
650 _aPlantas forrajeras
_988943
650 _aPraderas
_xManejoI. t.
_9142063
901 _aFolleto 626
902 _aA
910 _a1996
942 _cc14
942 _cc14
999 _c167786
_d167786